000 00652nam a2200241Ia 4500
003 OSt
005 20220918174957.0
006 a|||||r|||| 00| 0
007 ta
008 220917b |||||||| |||| 00| 0 eng d
024 _a14,959
037 _cTextual
040 _aARTS
_cARTS
_beng
041 _2eng
_aeng
082 _aO:1H40x, F6.4 (TTO)
100 _aChaucer Geoffrey
_911050
245 0 _aCanterbury tales
260 _c1926
490 _aCompete works of Choucer, ed. by Walter W. SDkeat,4
650 _aENGLISH LITERATURE
942 _hO:1H40x, F6.4 (TTO)
_cTEXL
_2CC
999 _c155419
_d155419